| 000 | 00472nam a22001817a 4500 | ||
|---|---|---|---|
| 003 | CEME | ||
| 005 | 20210628203412.0 | ||
| 008 | 210118b xxu||||| |||| 00| 0 eng d | ||
| 020 | _a1-55734-298-9 | ||
| 040 | _cceme | ||
| 082 | _a030 LIT | ||
| 100 |
_aDianna Sulliva _965216 |
||
| 245 | _aLiterature activties for young children | ||
| 260 |
_bTECH PUBLICATION _c1991 |
||
| 300 | _a96 | ||
| 650 |
_aLITERATURE ACTIVTIES FOR YOUNG CHILDREN _965217 |
||
| 942 |
_cBK _2ddc |
||
| 999 |
_c573497 _d573497 |
||